000 00542nam a2200181 a 4500
005 20140310183303.0
008 050706s19uu xx 00 eng d
020 _a8172248571
050 _aHF 5549.5.M63
_b.R98 2003
100 _aRye, David E.
245 _a1,001 ways to inspire :
_byour organization, your team and yourself /
_cDavid E. Rye.
260 _aMumbai, India :
_bJaico Publishing House,
_c2003.
300 _a271 p. :
_c23 cm.
521 _aBSBA
650 _aEmployee motivation.
942 _cBK
_2lcc
_kFOR
999 _c21025
_d21025